[Event "ChessKid Cup Div 2 L"]
[Site "chess.com INT"]
[Date "2023.05.24"]
[Round "3.1"]
[White "Mamedyarov, Shakhriyar"]
[Black "Le, Quang Liem"]
[Result "1-0"]
[WhiteTitle "GM"]
[BlackTitle "GM"]
[WhiteElo "2738"]
[BlackElo "2728"]
[WhiteFideId "13401319"]
[BlackFideId "12401137"]
[EventDate "2023.05.23"]
[EventType "k.o."]

1. c4 c5 2. Nc3 Nc6 3. Nf3 Nf6 4. g3 d5 5. cxd5 Nxd5 6. Bg2 Nc7 7. d3 e5 8. O-O
Be7 9. b3 O-O 10. Bb2 b6 11. a3 Be6 12. e3 Qd7 13. Qc2 Rfd8 14. Rfd1 Rac8 15.
Rac1 f6 16. Nd2 Bf8 17. Nc4 b5 18. Nd2 a6 19. Nce4 Nd5 20. Qb1 Na5 21. Ba1 Kh8
22. Rc2 Nb6 23. b4 cxb4 24. Rxc8 Rxc8 25. axb4 Nc6 26. Nc5 Bxc5 27. bxc5 Na4 28.
Ne4 b4 29. d4 exd4 30. Bxd4 Qc7 31. Nxf6 gxf6 32. Bxf6+ Kg8 33. Rd6 Qf7 34. Bxc6
Nc3 35. Bxc3 bxc3 36. Qd3 Qf5 37. Be4 Qe5 38. Rxe6 Qxe6 39. Bd5 1-0

[Event "ChessKid Cup Div 2 L"]
[Site "chess.com INT"]
[Date "2023.05.24"]
[Round "3.2"]
[White "Le, Quang Liem"]
[Black "Mamedyarov, Shakhriyar"]
[Result "1-0"]
[WhiteTitle "GM"]
[BlackTitle "GM"]
[WhiteElo "2728"]
[BlackElo "2738"]
[WhiteFideId "12401137"]
[BlackFideId "13401319"]
[EventDate "2023.05.23"]
[EventType "k.o."]

1. Nf3 d5 2. e3 Nf6 3. c4 e6 4. Nc3 Bd6 5. b3 O-O 6. Bb2 b6 7. cxd5 exd5 8. Rc1
a6 9. g3 Bb7 10. Bg2 d4 11. Ne2 dxe3 12. fxe3 c5 13. O-O Nbd7 14. Rc4 Qe7 15.
Rh4 Rad8 16. Nf4 Ne5 17. Nxe5 Bxg2 18. Ng4 Bxf4 19. Nxf6+ gxf6 20. Rfxf4 Qxe3+
21. dxe3 Rxd1+ 22. Kxg2 Rd2+ 23. Rf2 Rfd8 24. Rf4 Rxf2+ 25. Rxf2 Rd3 26. Kf3 b5
27. Ke2 Rd5 28. Rxf6 c4 29. Rxa6 h5 1-0

[Event "ChessKid Cup Div 2 L"]
[Site "chess.com INT"]
[Date "2023.05.24"]
[Round "3.3"]
[White "Le, Quang Liem"]
[Black "Mamedyarov, Shakhriyar"]
[Result "1/2-1/2"]
[WhiteTitle "GM"]
[BlackTitle "GM"]
[WhiteElo "2728"]
[BlackElo "2738"]
[WhiteFideId "12401137"]
[BlackFideId "13401319"]
[EventDate "2023.05.23"]
[EventType "k.o."]

1. Nf3 d5 2. e3 Nf6 3. c4 e6 4. Nc3 Bd6 5. b3 O-O 6. Bb2 b6 7. cxd5 exd5 8. Rc1
a6 9. g3 Bb7 10. Ne2 c5 11. Bg2 Nbd7 12. d4 Rc8 13. dxc5 bxc5 14. O-O Re8 15.
Qd3 Ne4 16. Rfd1 Ndf6 17. Nd2 Nxf2 18. Kxf2 Ng4+ 19. Kg1 Nxe3 20. Bh3 Nxd1 21.
Rxd1 c4 22. Qf3 Bc5+ 23. Kf1 Rc6 24. Nxc4 Rh6 25. Nf4 Rxh3 26. Qg4 f6 27. Qxh3
Qe7 28. Na5 Ba8 29. Qg2 Bb4 30. Nxd5 Qe6 31. Nc4 Qf5+ 32. Qf2 Qh3+ 33. Qg2 Qf5+
34. Qf2 Qh3+ 35. Kg1 Bxd5 36. Bd4 Qg4 37. Rc1 Qe4 38. Kf1 Qh1+ 39. Qg1 Qf3+ 40.
Qf2 Qh1+ 41. Qg1 Qf3+ 42. Qf2 Qh1+ 1/2-1/2

[Event "ChessKid Cup Div 2 L"]
[Site "chess.com INT"]
[Date "2023.05.25"]
[Round "4.1"]
[White "Oparin, Grigoriy"]
[Black "Andreikin, Dmitry"]
[Result "0-1"]
[WhiteTitle "GM"]
[BlackTitle "GM"]
[WhiteElo "2667"]
[BlackElo "2729"]
[WhiteFideId "24125890"]
[BlackFideId "4158814"]
[EventDate "2023.05.23"]
[EventType "k.o."]

1. e4 e6 2. d4 d5 3. Nc3 Bb4 4. Ne2 Nc6 5. a3 Ba5 6. b4 Bb6 7. Bb2 Nf6 8. e5 Nd7
9. Na4 O-O 10. Qd2 f6 11. f4 a5 12. b5 Na7 13. Ng3 fxe5 14. fxe5 c6 15. c4 Bc7
16. cxd5 exd5 17. bxc6 bxc6 18. Bd3 Qh4 19. O-O-O Nxe5 20. dxe5 Qxa4 21. Rhf1
Bg4 22. Nf5 Bxf5 23. Rxf5 Rxf5 24. Bxf5 Rb8 25. Re1 Rxb2 26. Kxb2 Nb5 27. Qd3
Qf4 28. Bxh7+ Kh8 29. Qe3 Qxe3 30. Rxe3 Kxh7 31. a4 d4 32. Rh3+ Kg6 33. axb5
cxb5 34. Rg3+ Kf5 35. Rxg7 Bxe5 36. Rb7 d3+ 37. Kc1 b4 38. Rb5 Ke4 39. Rxa5 b3
40. Rb5 b2+ 41. Kd2 Bf4+ 42. Kd1 Be5 43. h4 Bc3 44. h5 Kd4 45. g4 Kc4 46. Rxb2
Bxb2 47. g5 Be5 48. h6 Bf4 0-1

[Event "ChessKid Cup Div 2 L"]
[Site "chess.com INT"]
[Date "2023.05.25"]
[Round "4.2"]
[White "Andreikin, Dmitry"]
[Black "Oparin, Grigoriy"]
[Result "1/2-1/2"]
[WhiteTitle "GM"]
[BlackTitle "GM"]
[WhiteElo "2729"]
[BlackElo "2667"]
[WhiteFideId "4158814"]
[BlackFideId "24125890"]
[EventDate "2023.05.23"]
[EventType "k.o."]

1. d4 f5 2. Nf3 Nf6 3. Bg5 e6 4. Nbd2 d5 5. e3 Nbd7 6. c4 c6 7. Bd3 h6 8. Bf4 g5
9. Bg3 Bg7 10. cxd5 Nxd5 11. Bd6 N7f6 12. Ba3 a5 13. Qb3 Nb4 14. Bxb4 axb4 15.
Qxb4 Nd5 16. Qb3 O-O 17. O-O h5 18. Ne5 h4 19. Bc4 h3 20. g3 f4 21. Ne4 Rf5 22.
exf4 gxf4 23. g4 Rxe5 24. dxe5 Qh4 25. Kh1 Bxe5 1/2-1/2

[Event "ChessKid Cup Div 2 L"]
[Site "chess.com INT"]
[Date "2023.05.25"]
[Round "4.1"]
[White "Sadhwani, Raunak"]
[Black "Mamedyarov, Shakhriyar"]
[Result "1/2-1/2"]
[WhiteTitle "GM"]
[BlackTitle "GM"]
[WhiteElo "2627"]
[BlackElo "2738"]
[WhiteFideId "35093487"]
[BlackFideId "13401319"]
[EventDate "2023.05.23"]
[EventType "k.o."]

1. e4 e5 2. Nf3 Nc6 3. Bc4 Bc5 4. d3 Nf6 5. O-O d6 6. c3 a5 7. Re1 Ba7 8. Nbd2
O-O 9. Nf1 Ne7 10. Bb3 Ng6 11. h3 Be6 12. Be3 Re8 13. Bxa7 Rxa7 14. Bxe6 Rxe6
15. g3 a4 16. Ne3 b5 17. Qc2 c5 18. c4 b4 19. a3 b3 20. Qe2 Re8 21. h4 Nf8 22.
Nd5 Ne6 23. Qd2 1/2-1/2

[Event "ChessKid Cup Div 2 L"]
[Site "chess.com INT"]
[Date "2023.05.25"]
[Round "4.2"]
[White "Mamedyarov, Shakhriyar"]
[Black "Sadhwani, Raunak"]
[Result "1/2-1/2"]
[WhiteTitle "GM"]
[BlackTitle "GM"]
[WhiteElo "2738"]
[BlackElo "2627"]
[WhiteFideId "13401319"]
[BlackFideId "35093487"]
[EventDate "2023.05.23"]
[EventType "k.o."]

1. d4 Nf6 2. c4 e6 3. Nc3 Bb4 4. Nf3 d5 5. cxd5 exd5 6. Bf4 Ne4 7. Rc1 Nc6 8. e3
Bf5 9. Bd3 O-O 10. O-O Re8 11. Qc2 Bg6 12. Rfd1 Nxc3 13. bxc3 Bd6 14. Bxg6 hxg6
15. Bxd6 Qxd6 16. c4 dxc4 17. Qxc4 Re7 18. Qb5 Nd8 19. d5 Rd7 20. Qa4 Re7 21.
Qc4 a6 22. Ng5 f6 23. Ne4 b5 24. Nxd6 bxc4 25. Nxc4 Rd7 26. Na5 Rb8 27. Nb3 c6
28. d6 Kf7 29. h4 Ra7 30. Rc4 a5 31. Nc5 Rb2 32. a3 Rb5 33. d7 a4 34. g3 Raa5
35. Rdc1 Ke7 36. Kg2 Kd6 37. Rd1+ Kc7 38. Nxa4 Rd5 39. Rxd5 Rxd5 40. Rd4 Ra5 41.
Rg4 Ne6 42. Nb2 Nf8 43. Ra4 Rxa4 44. Nxa4 Nxd7 45. Kf3 Ne5+ 46. Ke4 Nc4 47. h5
Nd6+ 48. Kf3 gxh5 49. Nc5 g5 50. a4 Nb7 51. Ne4 h4 52. gxh4 gxh4 53. Nxf6 Kb6
54. Kg4 Ka5 55. e4 Kxa4 56. e5 c5 57. f4 c4 58. Ne4 Kb5 59. f5 Kc6 60. e6 Nd6
61. e7 Ne8 62. f6 Kd7 63. Kf5 h3 64. Nc5+ Kd6 65. Ne4+ Kd7 66. Nc5+ Kd6 67. Ne4+
Kd7 1/2-1/2

[Event "ChessKid Cup Div 2 L"]
[Site "chess.com INT"]
[Date "2023.05.25"]
[Round "4.3"]
[White "Mamedyarov, Shakhriyar"]
[Black "Sadhwani, Raunak"]
[Result "1-0"]
[WhiteTitle "GM"]
[BlackTitle "GM"]
[WhiteElo "2738"]
[BlackElo "2627"]
[WhiteFideId "13401319"]
[BlackFideId "35093487"]
[EventDate "2023.05.23"]
[EventType "k.o."]

1. d4 Nf6 2. c4 e6 3. Nc3 Bb4 4. Nf3 O-O 5. Bg5 h6 6. Bh4 b6 7. Nd2 Bb7 8. e4 g5
9. Bg3 Nxe4 10. Ndxe4 Bxe4 11. h4 d6 12. Qd2 Nd7 13. hxg5 hxg5 14. O-O-O Bg6 15.
f4 Qf6 16. Qe3 Bxc3 17. bxc3 Rae8 18. fxg5 Qf5 19. Bd3 Qa5 20. Kb2 b5 21. Be5
Nxe5 22. Qh3 1-0

[Event "ChessKid Cup Div 2 L"]
[Site "chess.com INT"]
[Date "2023.05.25"]
[Round "5.1"]
[White "Andreikin, Dmitry"]
[Black "Mamedyarov, Shakhriyar"]
[Result "0-1"]
[WhiteTitle "GM"]
[BlackTitle "GM"]
[WhiteElo "2729"]
[BlackElo "2738"]
[WhiteFideId "4158814"]
[BlackFideId "13401319"]
[EventDate "2023.05.23"]
[EventType "k.o."]

1. c4 e5 2. Nc3 Nf6 3. e3 d5 4. cxd5 Nxd5 5. Nf3 Nc6 6. Qc2 Nb6 7. Bb5 Bd6 8. d4
exd4 9. Nxd4 O-O 10. Nxc6 bxc6 11. Bxc6 Rb8 12. Bf3 Qh4 13. b3 Re8 14. Bd2 Nd7
15. Ne4 Ne5 16. Nxd6 Nxf3+ 17. gxf3 cxd6 18. Qc4 Qf6 19. Rc1 d5 20. Qc6 Be6 21.
Bc3 Qxf3 22. Rg1 Bg4 23. Rxg4 Qxg4 24. Qd6 Qg1+ 0-1

[Event "ChessKid Cup Div 2 L"]
[Site "chess.com INT"]
[Date "2023.05.25"]
[Round "5.2"]
[White "Mamedyarov, Shakhriyar"]
[Black "Andreikin, Dmitry"]
[Result "1-0"]
[WhiteTitle "GM"]
[BlackTitle "GM"]
[WhiteElo "2738"]
[BlackElo "2729"]
[WhiteFideId "13401319"]
[BlackFideId "4158814"]
[EventDate "2023.05.23"]
[EventType "k.o."]

1. d4 Nf6 2. c4 c5 3. d5 e6 4. Nc3 exd5 5. cxd5 d6 6. e4 g6 7. Nf3 Bg7 8. h3 O-O
9. Bd3 a6 10. a4 Nbd7 11. O-O Nh5 12. Bg5 Bf6 13. Bh6 Re8 14. a5 Rb8 15. Re1 b5
16. axb6 Rxb6 17. Ra2 Ne5 18. Be2 Rb4 19. Nxe5 Rxe5 20. Bxa6 Bxh3 21. gxh3 Bg5
22. Bxg5 Rxg5+ 23. Kf1 Qf6 24. Re3 Qf4 25. Qf3 Qh2 26. Ne2 f5 27. Bc8 Rd4 28.
Ra1 Kg7 29. exf5 Rf4 30. Nxf4 Nxf4 31. f6+ Kxf6 32. Bg4 Rxd5 33. Re4 Rd4 34.
Rxd4 cxd4 35. Rd1 Ke5 36. Re1+ Kf6 37. Re4 Kg5 38. Rxf4 Qxf4 39. h4+ 1-0

[Event "ChessKid Cup Div 2 L"]
[Site "chess.com INT"]
[Date "2023.05.25"]
[Round "6.1"]
[White "Nguyen, Ngoc Truong Son"]
[Black "Mamedyarov, Shakhriyar"]
[Result "1-0"]
[WhiteTitle "GM"]
[BlackTitle "GM"]
[WhiteElo "2645"]
[BlackElo "2738"]
[WhiteFideId "12401110"]
[BlackFideId "13401319"]
[EventDate "2023.05.23"]
[EventType "k.o."]

1. d4 Nf6 2. Nf3 d5 3. c4 dxc4 4. e3 e6 5. Bxc4 c5 6. O-O a6 7. dxc5 Bxc5 8.
Qxd8+ Kxd8 9. Be2 Ke7 10. Nfd2 Rd8 11. Nb3 Ba7 12. Bd2 Nc6 13. Rc1 Bd7 14. Na3
Rac8 15. Na5 Nxa5 16. Bxa5 Rxc1+ 17. Rxc1 Rc8 18. Bb4+ Kd8 19. Rxc8+ Kxc8 20.
Nc4 Ne8 21. g4 f6 22. h4 Bb5 23. b3 Kd7 24. Bd3 h6 25. Bf8 Bb8 26. Bg6 Bxc4 27.
bxc4 f5 28. gxf5 exf5 29. Bxf5+ Kd8 30. c5 Be5 31. f4 Bf6 32. h5 Nc7 33. e4 Ke8
34. Bd6 Nb5 35. Bc8 Bc3 36. Kg2 Bb4 37. e5 1-0

[Event "ChessKid Cup Div 2 L"]
[Site "chess.com INT"]
[Date "2023.05.25"]
[Round "6.2"]
[White "Mamedyarov, Shakhriyar"]
[Black "Nguyen, Ngoc Truong Son"]
[Result "1-0"]
[WhiteTitle "GM"]
[BlackTitle "GM"]
[WhiteElo "2738"]
[BlackElo "2645"]
[WhiteFideId "13401319"]
[BlackFideId "12401110"]
[EventDate "2023.05.23"]
[EventType "k.o."]

1. d4 Nf6 2. c4 e6 3. Nc3 d5 4. cxd5 exd5 5. Bg5 c6 6. e3 Be7 7. Bd3 O-O 8. Qc2
Nbd7 9. Nf3 Re8 10. h3 Nf8 11. O-O Be6 12. Rae1 Rc8 13. Ne5 c5 14. f4 cxd4 15.
exd4 Qb6 16. Qf2 Ne4 17. Bxe4 dxe4 18. Bxe7 Rxe7 19. f5 e3 20. Rxe3 Bxa2 21.
Nxa2 Qxd4 22. Rfe1 Rce8 23. Nc3 h5 24. f6 Rxe5 25. Rxe5 1-0

[Event "ChessKid Cup Div 2 L"]
[Site "chess.com INT"]
[Date "2023.05.25"]
[Round "6.3"]
[White "Mamedyarov, Shakhriyar"]
[Black "Nguyen, Ngoc Truong Son"]
[Result "1-0"]
[WhiteTitle "GM"]
[BlackTitle "GM"]
[WhiteElo "2738"]
[BlackElo "2645"]
[WhiteFideId "13401319"]
[BlackFideId "12401110"]
[EventDate "2023.05.23"]
[EventType "k.o."]

1. d4 d5 2. c4 c6 3. Nf3 Nf6 4. Qb3 e6 5. Bg5 Be7 6. e3 Nbd7 7. Nc3 O-O 8. Be2
h6 9. Bh4 a5 10. O-O b6 11. cxd5 Nxd5 12. Bg3 N7f6 13. Rac1 Bb7 14. Nxd5 Nxd5
15. a3 Bd6 16. Rfd1 a4 17. Qc2 Bxg3 18. hxg3 Qe7 19. Ne5 Rfc8 20. Bh5 Rf8 21.
Nxc6 Qg5 22. Qe2 Ba6 23. Qg4 Qf6 24. e4 Nc7 25. e5 Qg5 26. Qxg5 hxg5 27. Ne7+ 1-0